Geometry of Muntz spaces and related questions

Αποθηκεύτηκε σε:
Λεπτομέρειες βιβλιογραφικής εγγραφής
Κύριος συγγραφέας: Gurariy, Vladimir I.
Άλλοι συγγραφείς: Lusky, Wolfgang 1948-
Μορφή: Βιβλίο
Γλώσσα:English
Δημοσίευση: Berlin ; New York : Springer, c2005
Σειρά:Lecture notes in mathematics (Springer-Verlag) ; 1870
Θέματα:
Ετικέτες: Προσθήκη ετικέτας
Δεν υπάρχουν, Καταχωρήστε ετικέτα πρώτοι!

MARC

LEADER 00000nam a2200000 i 4500
001 1/70603
008 080116s2005 eng d
020 |a 3-540-28800-7 
035 |l 10093721 
040 |a GR-MY-UA  |b gre  |e aacr 
041 0 |a eng 
082 0 |a 515.732  |2 (22) 
100 1 |a Gurariy, Vladimir I. 
245 1 0 |a Geometry of Muntz spaces and related questions /  |c Vladimir I. Gurariy, Wolfgang Lusky 
260 |a Berlin ; New York :   |b Springer,   |c c2005 
300 |a xiii, 172 σ.;  |c 24 εκ. 
490 1 |a Lecture notes in mathematics  |v ; 1870 
504 |a Περιέχει βιβλιογραφικές παραπομπές (σ. [163]-169) και ευρετήριο. 
650 0 0 |a Banach spaces. 
650 0 0 |a Generalized spaces. 
650 0 0 |a Polynomials. 
700 1 |a Lusky, Wolfgang  |d 1948- 
830 0 |a Lecture notes in mathematics (Springer-Verlag)  |v ; 1870 
852 |a INST  |b SAMOS  |e 20080116  |h 515.732 GUR  |p 005300027287  |q 005300027287  |t BK  |y 0 
901 |a BIBL3-2008-1 
909 |a Σ  |b 143598 
922 |a 3ΕΛΗ  |b 200712  |c ΕΠΕΑΕΚ2/ΤΜΗΜΑ ΜΑΘΗΜΑΤΙΚΩΝ  |d ΠΑΠΑΣΩΤΗΡΙΟΥ 
970 |a ΣΙΤΖΙΜΗ  |b ΓΙΑΣΕΜΗ  |z 2008/01/16